000 01235nam a2200349 i 4500
001 196016
003 ES-MaACL
005 20250809063549.0
008 240809s2023 sp 000 0 spa c
017 _aCO 1037-2023
_bOficina Depósito Legal Córdoba
020 _a78-84-18578-59-5
040 _aS9M
_bspa
_cS9M
_erda
_dS9M
080 _a391
080 _a687.1
080 _a687.5.01
100 1 _aIzquierdo Martínez, Charo
_eaut
_9237989
245 1 0 _aFashion (r)evolution :
_b[la gran oportunidad de la moda] /
_cCharo Izquierdo
250 _aPrimera edición: junio de 2023
260 _aCórdoba :
_bLid Editorial,
_c[2023]
300 _a298 páginas :
_bilustraciones (blanco y negro) ;
_c24 cm
336 _aTexto (visual)
_2rdacontent
337 _asin mediación
_2isbdmedia
338 _avolumen
_bnc
_2rdacarrier/spa
500 _aEn cubierta: 30 años LID
504 _aBibliografía: páginas 293-298
650 4 _aModa-
_vHistoria
_9237991
852 4 _aES-MaACL
_bR.154528
_cDEPOJ
_hDonación: Editorial
_jN-9142
_9205038
942 _cMONOGRAFIA
_n0
999 _c196016
_d196016